000 00524nam a2200217Ia 4500
003 OSt
005 20220928151550.0
006 a|||||r|||| 00| 0
007 ta
008 220927b |||||||| |||| 00| 0 eng d
024 _a127701
037 _cTextual
040 _aSDCL
_cSDCL
_beng
041 _2eng
_aeng
082 _aQ1:4x, N1
100 _aJain Kunver Lal
_9517749
245 0 _aVedici Yagyavidya.
260 _c1991
942 _hQ1:4x, N1
_cTEXL
_2CC
999 _c852035
_d852035